LEADER 00973nam 2200277 450 001 996698280903316 005 20260308114129.0 100 $a20260113d1978----km y0itay5003 ba 101 0 $aita 102 $aIT 105 $ay 00 y 200 1 $aOrdine del giorno, aumento del capitale sociale e poteri dell'assemblea$econ un cenno ai cc.dd. versamenti in conto capitale$fGiovanni Grippo 210 $aMilano$cGiuffrè$d1978 215 $a612-618 p.$d24 cm 300 $aTitolo della copertina 300 $aEstratto da: Giurisprudenza commerciale, anno 5, fasc. 4 (1978) 606 0 $aSocietà di capitali$xCapitale sociale$xAumenti$2BNCF 676 $a346.45066 700 1$aGRIPPO,$bGiovanni$0227064 801 0$aIT$bcba$gREICAT 912 $a996698280903316 951 $aXVI.7.Misc. 1434$b1453 FBUO$cXVI.7.Misc. 959 $aBK 969 $aFBUO 996 $aOrdine del giorno, aumento del capitale sociale e poteri dell'assemblea$94523571 997 $aUNISA